[Event "COL-ch U14"]
[Site "Fusagasuga"]
[Date "2019.06.29"]
[Round "6"]
[White "Donneys, Franz"]
[Black "Lopez Ramirez, David Santiago"]
[Result "0-1"]
[WhiteElo "1615"]
[BlackElo "1891"]
[PlyCount "48"]
[EventDate "2019.06.26"]
[EventType "tourn"]
[EventRounds "9"]
[EventCountry "COL"]
[SourceTitle "CBM 191 Extra"]
[Source "ChessBase"]
[SourceDate "2019.09.30"]
[SourceVersion "1"]
[SourceVersionDate "2019.09.30"]
[SourceQuality "1"]

1. e4 d6 2. d4 Nf6 3. Nc3 g6 4. Bg5 Bg7 5. e5 Nfd7 6. e6 fxe6 7. Nf3 c5 8. Bc4 d5 9. Bb5 Qb6 10. Be3 a6 11. Bxd7+ Nxd7 12. Na4 Qa5+ 13. Nc3 e5 14. Bd2 cxd4 15. Ne4 Qb6 16. Neg5 h6 17. Nh3 e4 18. Nh4 Qf6 19. g3 0-0 20. 0-0 g5 21. Ng2 Ne5 22. Nxg5 hxg5 23. Kh1 Nf3 24. Bb4 Qf5 0-1

[Event "COL-ch U14"]
[Site "Fusagasuga"]
[Date "2019.06.27"]
[Round "2"]
[White "Chavez Duero, Brayan Steven"]
[Black "Donneys, Franz"]
[Result "1-0"]
[WhiteElo "1939"]
[BlackElo "1615"]
[PlyCount "73"]
[EventDate "2019.06.26"]
[EventType "tourn"]
[EventRounds "9"]
[EventCountry "COL"]
[SourceTitle "CBM 191 Extra"]
[Source "ChessBase"]
[SourceDate "2019.09.30"]
[SourceVersion "1"]
[SourceVersionDate "2019.09.30"]
[SourceQuality "1"]

1. e4 c5 2. Nf3 e6 3. d4 cxd4 4. Nxd4 a6 5. c4 Qc7 6. Nc3 Nf6 7. a3 d6 8. Be2 b6 9. Be3 Bb7 10. f3 Nbd7 11. 0-0 Be7 12. Rc1 Rc8 13. b4 0-0 14. Nb3 Rfd8 15. Qd2 Ne8 16. Rc2 Bf6 17. Rfc1 Qb8 18. Na4 Ba8 19. Bf1 b5 20. cxb5 Rxc2 21. Rxc2 axb5 22. Nc3 Bxc3 23. Rxc3 d5 24. exd5 Bxd5 25. Nd4 Nd6 26. Bf4 e5 27. Nc6 Bxc6 28. Rxc6 Nc4 29. Bxc4 bxc4 30. Be3 e4 31. Rxc4 exf3 32. Rd4 Qb7 33. a4 Qc6 34. b5 Qg6 35. g3 Qb1+ 36. Qd1 Qa2 37. Qxf3 1-0

[Event "COL-ch U14"]
[Site "Fusagasuga"]
[Date "2019.06.26"]
[Round "1"]
[White "Donneys, Franz"]
[Black "Campos Perilla, Felix Santiago"]
[Result "1/2-1/2"]
[WhiteElo "1615"]
[BlackElo "1444"]
[PlyCount "135"]
[EventDate "2019.06.26"]
[EventType "tourn"]
[EventRounds "9"]
[EventCountry "COL"]
[SourceTitle "CBM 191 Extra"]
[Source "ChessBase"]
[SourceDate "2019.09.30"]
[SourceVersion "1"]
[SourceVersionDate "2019.09.30"]
[SourceQuality "1"]

1. e4 c5 2. Nf3 g6 3. d4 cxd4 4. Nxd4 Nf6 5. Nc3 d6 6. Be2 Bg7 7. 0-0 0-0 8. Be3 Nc6 9. Kh1 Bd7 10. Qd2 Re8 11. f4 Nxd4 12. Bxd4 Bc6 13. Bf3 e5 14. Bf2 Bh6 15. Bg3 Qd7 16. Rad1 Rad8 17. Rfe1 a6 18. a3 b5 19. Qc1 Qb7 20. Rd3 Re6 21. Qd2 a5 22. Nd5 Bxd5 23. exd5 Ree8 24. Rde3 Qa8 25. Rb3 exf4 26. Rxe8+ Rxe8 27. Bf2 Qa6 28. Qd3 Rc8 29. Rxb5 Kg7 30. a4 Re8 31. Qc3 Rc8 32. Qd2 Re8 33. Qxa5 Qc8 34. Qd2 Qc4 35. h3 Qxa4 36. Rb4 Qa5 37. Qd4 Rc8 38. c3 Qd8 39. Rb6 Qe7 40. c4 Kg8 41. b4 Bg7 42. Qxf4 Ne8 43. Qc1 Ra8 44. Kh2 Be5+ 45. Bg3 Bxg3+ 46. Kxg3 Qe5+ 47. Qf4 Qe1+ 48. Kh2 Ra1 49. Rb7 Qh1+ 50. Kg3 Qe1+ 51. Kh2 Qh1+ 52. Kg3 Qe1+ 53. Kg4 f5+ 54. Kg5 Qc3 55. Kh4 Qe1+ 56. g3 Qc3 57. Qg5 Qd4+ 58. Qf4 g5+ 59. Kxg5 Qf6+ 60. Kh5 Ng7+ 61. Rxg7+ Kxg7 62. Qg5+ Qxg5+ 63. Kxg5 Rc1 64. Be2 Rc2 65. Bf1 Rc1 66. Be2 Rc2 67. Bf1 Rc1 68. Be2 1/2-1/2

[Event "COL pre olympic sf2"]
[Site "Palmira"]
[Date "2019.05.30"]
[Round "3"]
[White "Donneys, Franz"]
[Black "Hernandez Bermudez, Manuela"]
[Result "0-1"]
[WhiteElo "1624"]
[BlackElo "1405"]
[PlyCount "71"]
[EventDate "2019.05.29"]
[EventType "swiss"]
[EventRounds "10"]
[EventCountry "COL"]
[SourceTitle "CBM 190 Extra"]
[Source "ChessBase"]
[SourceDate "2019.07.15"]
[SourceVersion "1"]
[SourceVersionDate "2019.07.15"]
[SourceQuality "1"]

1. e4 e5 2. Nf3 Nf6 3. Nxe5 d6 4. Nf3 Nxe4 5. Nc3 Nxc3 6. dxc3 Be7 7. Be3 Nc6 8. h3 Be6 9. Bd3 Qd7 10. Qd2 Ne5 11. Nxe5 dxe5 12. 0-0-0 Qa4 13. Qe2 Qxa2 14. b3 Bxb3 15. Kd2 Rd8 16. Ke1 Be6 17. Bb5+ c6 18. Rxd8+ Bxd8 19. Bd3 Qa1+ 20. Qd1 Qxc3+ 21. Bd2 Qd4 22. Be3 Qd5 23. f3 Bh4+ 24. Ke2 a5 25. Qa1 0-0 26. Be4 Qb5+ 27. Bd3 Bc4 28. Rb1 Bxd3+ 29. cxd3 Qa6 30. Rb6 Qa8 31. Qb2 Rb8 32. Qxe5 Bf6 33. Qc7 Bd8 34. Qe5 Bxb6 35. Bxb6 Re8 36. h4 0-1

[Event "COL-ch"]
[Site "Palmira"]
[Date "2017.05.18"]
[Round "5"]
[White "Riascos, Guillermo"]
[Black "Donneys, Franz"]
[Result "1-0"]
[WhiteElo "1816"]
[BlackElo "1525"]
[PlyCount "53"]
[EventDate "2017.05.15"]
[EventType "swiss"]
[EventRounds "10"]
[EventCountry "COL"]
[SourceTitle "CBM 178 Extra"]
[Source "ChessBase"]
[SourceDate "2017.06.22"]
[SourceVersion "1"]
[SourceVersionDate "2017.06.22"]
[SourceQuality "1"]

1. d4 Nf6 2. c4 e5 3. dxe5 Ng4 4. Qd4 d6 5. exd6 Nc6 6. Qe4+ Be6 7. dxc7 Qd1+ 8. Kxd1 Nxf2+ 9. Kc2 Nxe4 10. Be3 Bxc4 11. a3 Bd6 12. Nf3 Rc8 13. Nbd2 Nxd2 14. Bxd2 0-0 15. e4 Bxf1 16. Rhxf1 Rfe8 17. Bc3 Rxc7 18. Rad1 Be5 19. Bxe5 Nxe5+ 20. Kb1 Ng4 21. Rd4 f6 22. h3 Ne5 23. Nxe5 Rxe5 24. Rf5 Rce7 25. Rxe5 Rxe5 26. Kc2 Kf7 27. Kd3 1-0

[Event "Cali Region-ch"]
[Site "Cali"]
[Date "2017.04.30"]
[Round "5"]
[White "Donneys, Franz"]
[Black "Moreno Alape, Milton Javier"]
[Result "1/2-1/2"]
[WhiteElo "1578"]
[BlackElo "1843"]
[PlyCount "138"]
[EventDate "2017.04.28"]
[EventType "swiss"]
[EventRounds "7"]
[EventCountry "COL"]
[SourceTitle "CBM 178 Extra"]
[Source "ChessBase"]
[SourceDate "2017.06.22"]
[SourceVersion "1"]
[SourceVersionDate "2017.06.22"]
[SourceQuality "1"]

1. e4 g6 2. Nc3 Bg7 3. d3 d6 4. f4 e5 5. fxe5 Bxe5 6. Nf3 Bg4 7. Be2 Bxf3 8. Bxf3 Qh4+ 9. Kf1 Nc6 10. Qe1 Qe7 11. Nd5 Qd7 12. c3 0-0-0 13. d4 Bg7 14. Bf4 f5 15. h3 Re8 16. Qd2 Kb8 17. Re1 a6 18. exf5 Rxe1+ 19. Qxe1 Qxf5 20. Qe4 Qxe4 21. Bxe4 Nge7 22. g3 h6 23. Kg2 Re8 24. Nxe7 Rxe7 25. Bxc6 bxc6 26. Rf1 g5 27. Bd2 Kb7 28. Re1 Rf7 29. g4 Kb6 30. b3 c5 31. d5 Be5 32. c4 Bd4 33. Re2 c6 34. dxc6 Kxc6 35. Be3 Re7 36. Kf3 Bc3 37. Bd2 Rf7+ 38. Kg2 Bd4 39. Be3 Re7 40. Kf3 Bc3 41. Bd2 Rf7+ 42. Kg2 Bb4 43. Bxb4 cxb4 44. Re6 Rh7 45. Kf3 Kc5 46. Ke4 h5 47. Rg6 Re7+ 48. Kd3 hxg4 49. Rxg5+ Kc6 50. hxg4 Re1 51. Rh5 Ra1 52. Rh2 Rg1 53. Rh4 Rg2 54. Ke4 Rxa2 55. g5 a5 56. Rg4 a4 57. Rg3 Ra3 58. g6 axb3 59. g7 b2 60. Rg1 Ra8 61. Kd3 Kc5 62. Kc2 Rg8 63. Rg4 d5 64. cxd5 Kxd5 65. Kxb2 Ke6 66. Kb3 Kf7 67. Rxb4 Rxg7 68. Rb7+ Kf6 69. Rxg7 Kxg7 1/2-1/2

[Event "Cali Region-ch"]
[Site "Cali"]
[Date "2017.04.29"]
[Round "2"]
[White "Benavides, Juan Jose"]
[Black "Donneys, Franz"]
[Result "1/2-1/2"]
[WhiteElo "1591"]
[BlackElo "1578"]
[PlyCount "30"]
[EventDate "2017.04.28"]
[EventType "swiss"]
[EventRounds "7"]
[EventCountry "COL"]
[SourceTitle "CBM 178 Extra"]
[Source "ChessBase"]
[SourceDate "2017.06.22"]
[SourceVersion "1"]
[SourceVersionDate "2017.06.22"]
[SourceQuality "1"]

1. d4 Nf6 2. g3 d5 3. Bg2 e6 4. Nf3 c5 5. e3 Qb6 6. 0-0 Nc6 7. b3 cxd4 8. exd4 Be7 9. Bb2 0-0 10. Qe2 Bd7 11. c4 Qa6 12. Re1 Rac8 13. c5 Qxe2 14. Rxe2 b6 15. Ba3 bxc5 1/2-1/2